| 000 | 01208nam a2200337 i 4500 | ||
|---|---|---|---|
| 001 | 197075 | ||
| 003 | ES-ScRBPG | ||
| 005 | 20250820063100.0 | ||
| 008 | 250326s1998 sp a e 001 0 spa d | ||
| 017 |
_aM 37644-1998 _bOficina Depósito Legal Madrid |
||
| 020 | _a8483061422 | ||
| 035 | _aBPL 0044115 | ||
| 040 |
_aBPL _bglg _cES-MaACL |
||
| 080 | _a689:643 | ||
| 080 | _a643:689 | ||
| 245 | 1 | 0 |
_aBricomanía 4 : _bEl placer de construir uno mismo con 30 nuevos temas. |
| 250 | _aPrimera edición: octubre 1998 | ||
| 260 |
_aMadrid : _bAsegarce, _bDebate, _c1998. |
||
| 300 |
_a195 páginas : _bilustrado a color ; _c26 cm. |
||
| 336 |
_2rdacontent _atexto |
||
| 337 |
_2rdamedia _asin mediación |
||
| 338 |
_2rdacarrier _avolumen |
||
| 500 | _aÍndice. | ||
| 650 | 7 |
_aBricolaje _2embne _910616 |
|
| 852 |
_aES-MaACL _cDEPOJ _jN-10462 _hDonación: José Lázaro García _xEncuadernación rústica con solapas _9206584 |
||
| 903 |
_9234219 _aLázaro García, José _ednr |
||
| 942 |
_n0 _cMONOGRAFIA |
||
| 999 |
_c197075 _d197075 |
||